000 00181nam a2200073Ia 4500
008 170817s9999 xx 000 0 und d
100 _aBHASKAR RAO
245 0 _aACHIEVEMENTS IN MATHMATICS
260 _bDISCOVERY PUB.
999 _c36346
_d36346